|
|
|
|
| LEADER |
00000nab a2200000 a 4500 |
| 001 |
vtls000778737 |
| 003 |
SK-MaSNL |
| 005 |
20260303201728.0 |
| 008 |
180205c2001 xo 0 slo |
| 015 |
|
|
|a SNBRB2002/01-01484
|
| 035 |
|
|
|a CLN000130513
|
| 040 |
|
|
|a SNKBUCL
|b slo
|c SNKBUCL
|e AACR2
|
| 041 |
0 |
|
|a slo
|
| 044 |
|
|
|a xo
|c SK
|
| 080 |
|
|
|a 301.15:008
|2 UDC-MRF-SK2
|
| 080 |
|
|
|a 008
|2 UDC-MRF-SK2
|
| 100 |
1 |
|
|a Mistrík, Erich,
|d 1954-
|4 aut
|9 192421
|
| 245 |
1 |
0 |
|a Nielen vedľa seba, ale spolu
|b diferenciácia kultúr pôsobí proti negatívam globalizácie
|c Erich Mistrík
|
| 650 |
0 |
7 |
|a globalizácia
|x multikultúrnosť
|2 snkbucl
|9 1232830
|
| 650 |
0 |
7 |
|a kultúra
|x globalizácia
|2 snkbucl
|9 909304
|
| 655 |
|
7 |
|a články z novín a časopisov
|2 snkbucl
|9 267496
|
| 773 |
0 |
|
|x 1335-468X
|t Slovo. Politicko-spoločenský týždenník
|g Roč. 3, č. 47 (2001), s. 17
|
| 850 |
|
|
|a Slovenská národná knižnica v Martine
|
| 852 |
|
|
|a SNK
|b KIS3GCP
|
| 958 |
|
|
|a RBX
|
| 999 |
|
|
|c 2175656
|d 2177586
|